鉄道省の鉄道路線(昭和12年) - Statistics

General Stats
  • This quiz has been taken 276 times
  • The average score is 83 of 205
Answer Stats
路線名 % Correct
東海道本線
93%
東北本線
88%
中央本線
85%
山陽本線
82%
山陰本線
81%
常磐線
80%
信越本線
80%
函館本線
78%
北陸本線
77%
奧羽本線
77%
總武本線
77%
橫須賀線
76%
關西本線
76%
御殿場線
75%
橫濱線
74%
山手線
74%
鹿兒島本線
74%
高山本線
72%
羽越本線
72%
根室本線
71%
上越線
70%
磐越東線
70%
磐越西線
70%
宗谷本線
70%
長崎本線
69%
日豐本線
69%
室蘭本線
69%
伊東線
68%
成田線
68%
福知山線
66%
奈良線
66%
兩毛線
66%
篠ノ井線
65%
藝備線
65%
高崎線
65%
留萠本線
65%
七尾線
64%
山田線
64%
陸羽東線
63%
陸羽西線
63%
伯備線
62%
和歌山線
62%
參宮線
61%
八高線
60%
吳線
60%
水戶線
60%
石卷線
60%
釧網本線
60%
小濱線
59%
草津線
59%
水郡線
59%
大湊線
59%
五能線
58%
武豐線
57%
氷見線
57%
舞鶴線
57%
日光線
57%
土讃線
57%
姬新線
56%
山口線
56%
久大本線
56%
播但線
55%
美祢線
55%
八戶線
55%
越後線
55%
久留里線
54%
豫讃本線
54%
小海線
53%
大船渡線
53%
豐肥本線
53%
夕張線
53%
太多線
52%
宇野線
52%
片町線
52%
肥薩線
52%
唐津線
52%
江差線
52%
札沼線
52%
名寄本線
52%
櫻井線
51%
烏山線
51%
米坂線
50%
東金線
50%
筑豐本線
50%
木次線
49%
花輪線
49%
左澤線
49%
佐世保線
49%
富良野線
49%
可部線
48%
釜石線
48%
彌彥線
47%
筑肥線
47%
三角線
47%
境線
45%
高德本線
45%
牟岐線
45%
越美南線
44%
三江線
44%
大村線
44%
房總東線
43%
房總西線
43%
日高線
43%
因美線
42%
內子線
41%
德島本線
41%
松浦線
41%
彥山線
41%
名松線
40%
吉都線
40%
志布志線
40%
歌志內線
40%
會津線
39%
紀勢東線
38%
紀勢西線
38%
指宿線
38%
標津線
38%
長井線
37%
篠栗線
36%
宮津線
35%
木原線
35%
羽幌線
35%
田川線
34%
瀨棚線
34%
大社線
33%
倉吉線
31%
佐賀線
31%
廣尾線
31%
若櫻線
30%
城東線
30%
興濱北線
30%
石北線
30%
岩內線
29%
興濱南線
29%
眞岡線
28%
矢島線
28%
小松島線
28%
士幌線
28%
明知線
27%
宇和島線
27%
大糸北線
26%
大糸南線
26%
足尾線
26%
阿仁合線
26%
高森線
26%
黑石線
24%
湯前線
24%
伊田線
23%
妻線
22%
網走本線
22%
西成線
21%
宇品線
20%
伊萬里線
20%
手宮線
20%
柳井線
19%
天鹽線
19%
相生線
19%
信樂線
18%
北見線
17%
三國線
16%
鍛冶屋原線
16%
宮之城線
15%
赤谷線
14%
魚沼線
14%
萬字線
14%
渚滑線
14%
有馬線
13%
上山田線
13%
幌內線
13%
橋場線
12%
仙山東線
11%
仙山西線
11%
二俣東線
10%
二俣西線
10%
福鹽南線
10%
福鹽北線
10%
紀勢中線
10%
橫黑線
10%
宮田線
10%
新湊線
9%
撫養線
9%
宮原線
9%
日ノ影線
9%
生保內線
7%
船川線
7%
香月線
7%
湧網西線
7%
湧網東線
7%
十日町線
6%
漆生線
6%
幸袋線
6%
京極線
6%
幌加內線
6%
川俣線
5%
鹽竈線
5%
室木線
5%
中越線
4%
細島線
4%
山野西線
3%
山野東線
3%
油津線
3%
古江東線
2%
古江西線
2%
宮床線
1%
計根別線
1%
No matching quizzes found
Score Distribution
Percent of People with Each Score
Percentile by Number Answered
Your Score History
You have not taken this quiz